01021 2200325 4500001002100000005001500021035002000036007000300056008004100059020001800100082001000118084001600128100003600144245012300180250001200303300004100315650002300356700004000379700004700419600002100466600002100487600003200508600001400540600001800554264003600572336002100608337003000629338002300659990001300682INLIS00000000112170720251112110026 a0010-1125000064ta251112 0 ind a9786230270314 a613.2 a613.2 KHO b0 aKhoirin Nisa AlfitriePengarang1 aBuku Ajar Penilaian Konsumsi Pangan /cKhoirin Nisa Alfitri, Anindhita Syahbi Syagata, Putri Prassanti Nilayam Susanto aEdisi 1 ax, 101 halaman :bilustrasi ;c23 cm 4aPenilaian konsumsi0 aAnindhita Syahbi SyagataePengarang0 aPutri Prassanti Nilayam SusantoePengarang 4aGizi dan nutrisi 4aAnalisis makanan 4aFood consumption assessment 4aNutrition 4aFood analysis aYogyakarta :bDeepublish,c2023 2rdacontentaTeks 2rdamediaaTanpa Perantara 2rdacarrieraVolume a25/00117